| 000 | 00550nam 22001693 4500 | ||
|---|---|---|---|
| 001 | 198854 | ||
| 090 | _a198854 | ||
| 100 | _a20251106d u||y0pory50 ba | ||
| 101 | _apor | ||
| 102 | _aPT | ||
| 200 |
_aA livraria de um canonista do sécilo XVI _fAntónio de Oliveira |
||
| 461 |
_hVol. XXII _tRevista da Universidade de Coimbra |
||
| 606 |
_913853 _aBibliografia e bibliografias. Catálogos _xCatálogos em geral. Catálogos de assunto |
||
| 700 |
_96938 _aOliveira _bAntónio de _f1931- |
||
| 801 |
_aPT _bBMMN _gRPC |
||
| 990 | _cARTIGOS | ||